000 00931cam a2200289 a 4500
001 16028088
005 20180111085043.0
007 vd |vaiz|
008 091218s2008 mnu 000 0 eng d
010 _a 2009504530
015 _aGBA883458
_2bnb
016 7 _a014657148
_2Uk
020 _a9781592855513 (pbk.)
020 _a1592855512 (pbk.)
035 _a(OCoLC)ocn176925516
040 _aUKM
_cUKM
_dBTCTA
_dBAKER
_dVET
_dORX
_dYDXCP
_dDLC
041 _aeng
042 _alccopycat
080 _a616.891 WIL
082 0 0 _a616.891 WIL
_223
100 1 _a9
101 _aMJE
245 1 2 _aA new day, a new life :
_cWilliam C. Moyers ; with Jodie Carter.
906 _a7
_bcbc
_ccopycat
_d2
_encip
_f20
_gy-gencatlg
942 _2ddc
_cBK
999 _c40138
_d40138